Průvodce Word 6 pro Windows Tvorba dokonalého dokumentu v Microsoft Word 6 CZ pro Windows

Gespeichert in:
Bibliographische Detailangaben
1. Verfasser: Borland, Russell
Format: Buch
Sprache:Tschechisch
Veröffentlicht: Praha PLUS 1994
Ausgabe:1. vyd.
Schlagworte:
Tags: Tag hinzufügen
Keine Tags, Fügen Sie das erste Tag hinzu!

MARC

LEADER 00000nam a2200000 4500
001 c010891
005 20230228100100.8
020 |a 80-85297-63-9 
041 0 |a cze 
044 |a CZ 
245 1 0 |a Průvodce Word 6 pro Windows  |b Tvorba dokonalého dokumentu v Microsoft Word 6 CZ pro Windows  |c Russell Borland 
250 |a 1. vyd. 
264 1 |a Praha  |b PLUS  |c 1994 
300 |a 410 s. 
610 2 0 |a programy počítačové 
610 2 0 |a systémy počítačové 
610 2 0 |a softvér 
100 1 |a Borland, Russell